[Event "Toulouse Petit Capitole op"]
[Site "Toulouse"]
[Date "2015.05.31"]
[Round "4"]
[White "Haefliger, Vincent"]
[Black "Lee, Tao"]
[Result "1-0"]
[WhiteElo "1399"]
[BlackElo "1009"]
[PlyCount "42"]
[EventDate "2015.05.30"]
[EventType "swiss"]
[EventRounds "6"]
[EventCountry "FRA"]
[SourceTitle "EXT 2016"]
[Source "ChessBase"]
[SourceDate "2015.10.08"]
[SourceVersion "1"]
[SourceVersionDate "2015.10.08"]
[SourceQuality "1"]

1. e4 c5 2. c3 e5 3. d4 cxd4 4. cxd4 exd4 5. Nf3 Nf6 6. e5 Ne4 7. Qxd4 Nxf2 8. Qxf2 Qa5+ 9. Nc3 Bb4 10. Bd2 0-0 11. a3 Bc5 12. Be3 b6 13. b4 Bxb4 14. Rc1 Bxc3+ 15. Bd2 Bxd2+ 16. Qxd2 Bb7 17. Qxa5 bxa5 18. Be2 Bxf3 19. Bxf3 Re8 20. Bxa8 Rxe5+ 21. Kf2 d5 1-0